00565nam a2200169Ia 450000500170000000800410001702000080005808200140006624500310008026000420011130000130015350000820016670000310024894200060027995200950028599900150038020250129034523.0240331s9999 xx 000 0 und d a  bCOMa 954 0aCommunalism or Nationalism aChunnakambThe Thirumakal pressc1939 a115 p ., aThis is addressed to the Tamils in particular and to the Ceylonese in general aPerinbanayaham, S.H. eedt cL 001040708LaWERCLbWERCLcSSCd2024-03-31l0o 954 COMp6799r2024-03-31w2024-03-31yL c5809d5809